Dibuja el Contorno de México en un Mapa - Estadísticas

Estadísticas generales
  • Esta prueba ha sido intentada 39 veces
  • La puntuación promedio es 17 de 24
Respuestas en el mapa
Las respuestas están codificadas por una escala verde-roja en el mapa de la prueba según el % correcto abajo.
 
Estadísticas de respuestas
Estado % Correcto
Baja California
100%
Chihuahua
87%
Sonora
87%
Coahuila
84%
Nuevo León
84%
Tamaulipas
84%
Veracruz
84%
Campeche
81%
Yucatán
81%
Quintana Roo
77%
Tabasco
77%
Tabasco
74%
Campeche
71%
Chiapas
71%
Oaxaca
68%
Guerrero
65%
Baja California
58%
Baja California Sur
58%
Colima
58%
Jalisco
58%
Michoacán
58%
Nayarit
58%
Sonora
58%
Sinaloa
55%
No se encontraron pruebas coincidentes
Distribución de puntuación
Porcentaje de gente con cada puntuación
Porcentaje por número respondido
Historial de tus puntuaciones
No has intentado esta prueba.